| 000 | 00628nam a22001697a 4500 | ||
|---|---|---|---|
| 003 | AUA.1 | ||
| 005 | 20251015100742.0 | ||
| 008 | 250702b |||||||| |||| 00| 0 eng d | ||
| 040 | _cJTL | ||
| 100 | _aAmankwah, Michael | ||
| 245 |
_aThe chaplain's role in the effective care and healing of patients and its implications for Seventh-day Adventist hospital in Asawinso, Ghana / _cMichael Amankwah. |
||
| 260 | _cc2024 | ||
| 300 |
_axi, 84 leaves : _bIllustrations : _c30cm. |
||
| 650 | _aChaplains, Hospital | ||
| 650 |
_aSeventh-day Adventist Hospital _vAsawinso, Ghana |
||
| 942 |
_2aua _cPROJECT _hMChap _i.A43 2024 |
||
| 999 |
_c25140 _d25140 |
||